[Event "EYCC 2024 - O10"]
[Site "?"]
[Date "2024.08.31"]
[Round "9.11"]
[White "Andre, Tomas"]
[Black "Stoyanov, Victor"]
[Result "1-0"]
[BlackElo "1749"]
[WhiteElo "2051"]
[LiveChessVersion "1.4.8"]

1. e4 c5 {[%clk 1:30:58]} 2. Nf3 {[%clk 1:30:20]} d6 {[%clk 1:31:26]} 3. d4
{[%clk 1:29:30]} cxd4 {[%clk 1:31:54]} 4. Nxd4 {[%clk 1:29:47]} Nf6
{[%clk 1:32:20]} 5. Nc3 {[%clk 1:30:10]} a6 {[%clk 1:32:46]} 6. Be3
{[%clk 1:30:00]} e5 {[%clk 1:33:12]} 7. Nb3 {[%clk 1:30:22]} Be6 {[%clk 1:33:36]}
8. f4 {[%clk 1:30:37]} Nc6 {[%clk 1:30:32]} 9. f5 {[%clk 1:30:39]} Bc8
{[%clk 1:29:08]} 10. Qf3 {[%clk 1:30:53]} h5 {[%clk 1:27:34]} 11. h3
{[%clk 1:30:39]} b5 {[%clk 1:26:05]} 12. Bg5 {[%clk 1:29:24]} Be7
{[%clk 1:24:58]} 13. Bxf6 {[%clk 1:28:31]} Bxf6 {[%clk 1:23:52]} 14. O-O-O
{[%clk 1:28:55]} Ne7 {[%clk 1:20:51]} 15. g4 {[%clk 1:28:06]} Bg5+
{[%clk 1:20:54]} 16. Kb1 {[%clk 1:28:34]} h4 {[%clk 1:20:40]} 17. Bg2
{[%clk 1:24:16]} Qc7 {[%clk 1:17:02]} 18. Qd3 {[%clk 1:21:30]} b4
{[%clk 1:15:12]} 19. Nd5 {[%clk 1:21:16]} Qb8 {[%clk 1:05:48]} 20. Na5
{[%clk 1:17:54]} Bd7 {[%clk 1:03:39]} 21. Nc4 {[%clk 1:16:58]} Nc8
{[%clk 1:02:34]} 22. Qb3 {[%clk 1:11:49]} a5 {[%clk 1:00:33]} 23. Ndb6
{[%clk 1:09:26]} Ra7 {[%clk 0:47:24]} 24. Nxc8 {[%clk 1:09:36]} Bxc8
{[%clk 0:47:40]} 25. Nxd6+ {[%clk 1:09:52]} Kf8 {[%clk 0:46:57]} 26. Qd5
{[%clk 1:05:37]} Bf6 {[%clk 0:35:57]} 27. g5 {[%clk 0:54:41]} Bxg5
{[%clk 0:35:21]} 28. Qxe5 {[%clk 0:54:54]} Ba6 29. Bf3 {[%clk 0:45:45]} Be7
{[%clk 0:32:02]} 30. Nxf7 {[%clk 0:45:29]} Kxf7 {[%clk 0:32:14]} 31. Bh5+
{[%clk 0:45:57]} Rxh5 {[%clk 0:30:54]} 32. Qxb8 {[%clk 0:46:25]} Rb7
{[%clk 0:29:43]} 33. Qc8 {[%clk 0:46:24]} Rb6 {[%clk 0:29:26]} 34. Qc7
{[%clk 0:46:33]} Rb7 {[%clk 0:29:18]} 35. Qc6 {[%clk 0:46:50]} Rh6
{[%clk 0:29:27]} 36. Qd5+ {[%clk 0:47:18]} Kf8 {[%clk 0:29:32]} 37. Qxa5
{[%clk 0:47:19]} Rhb6 {[%clk 0:29:17]} 38. e5 {[%clk 0:47:04]} Bb5
{[%clk 0:28:51]} 39. f6 {[%clk 0:44:43]} gxf6 {[%clk 0:27:55]} 40. exf6
{[%clk 0:45:10]} Bc5 {[%clk 0:27:33]} 41. Qa8+ {[%clk 0:45:21]} Kf7
{[%clk 0:26:31]} 42. Qh8 {[%clk 0:45:17]} b3 {[%clk 0:26:31]} 43. Qg7+
{[%clk 0:45:23]} Ke8 {[%clk 0:26:44]} 44. Rhe1+ {[%clk 0:45:44]} 1-0

[Event "EYCC 2024 - O10"]
[Site "?"]
[Date "2024.08.31"]
[Round "9.12"]
[White "Pasula, Milos"]
[Black "Hummatov, Safa"]
[Result "1/2-1/2"]
[BlackElo "1742"]
[WhiteElo "1974"]
[LiveChessVersion "1.4.8"]

1. Nf3 {[%clk 1:30:53]} Nf6 {[%clk 1:30:57]} 2. b4 {[%clk 1:31:11]} d5
{[%clk 1:31:05]} 3. e3 {[%clk 1:31:14]} e6 {[%clk 1:31:12]} 4. a3
{[%clk 1:31:25]} c5 {[%clk 1:30:50]} 5. bxc5 {[%clk 1:31:18]} Bxc5
{[%clk 1:31:11]} 6. d4 {[%clk 1:31:10]} Bd6 {[%clk 1:31:15]} 7. Bd3
{[%clk 1:31:09]} Nc6 {[%clk 1:31:30]} 8. Bb2 {[%clk 1:30:56]} Qc7
{[%clk 1:28:15]} 9. O-O {[%clk 1:27:05]} b6 {[%clk 1:25:20]} 10. Nbd2
{[%clk 1:25:37]} Bb7 {[%clk 1:17:34]} 11. c4 {[%clk 1:23:24]} O-O
{[%clk 1:17:25]} 12. Rc1 {[%clk 1:20:44]} Qe7 {[%clk 1:15:37]} 13. Qa4
{[%clk 1:08:53]} a6 {[%clk 1:05:46]} 14. Qb3 {[%clk 1:04:36]} Rab8
{[%clk 0:53:30]} 15. Ne5 {[%clk 0:40:48]} Na5 {[%clk 0:48:24]} 16. Qa2
{[%clk 0:39:29]} Nxc4 {[%clk 0:46:12]} 17. Ndxc4 {[%clk 0:38:16]} dxc4
{[%clk 0:46:18]} 18. Bxc4 {[%clk 0:37:18]} Bxe5 {[%clk 0:44:29]} 19. dxe5
{[%clk 0:36:52]} Ne4 {[%clk 0:44:07]} 20. Rfd1 Qh4 {[%clk 0:34:21]} 21. Bd4
{[%clk 0:32:00]} Nc5 {[%clk 0:27:21]} 22. Bxc5 {[%clk 0:25:12]} bxc5
{[%clk 0:27:46]} 23. Bf1 {[%clk 0:24:49]} Qa4 {[%clk 0:23:06]} 24. Qa1
{[%clk 0:21:36]} Rbc8 {[%clk 0:23:07]} 25. Rd6 {[%clk 0:19:15]} Rc7
{[%clk 0:16:44]} 26. Qc3 {[%clk 0:14:39]} c4 {[%clk 0:13:01]} 27. Rb1
{[%clk 0:12:32]} Bd5 {[%clk 0:12:19]} 28. h3 {[%clk 0:10:55]} Rfc8
{[%clk 0:11:54]} 29. Be2 {[%clk 0:05:16]} Rc5 {[%clk 0:10:10]} 30. Bd1
{[%clk 0:04:46]} Qa5 {[%clk 0:09:32]} 31. Rb4 {[%clk 0:03:58]} g6
{[%clk 0:06:11]} 32. Bc2 {[%clk 0:01:53]} Rb5 {[%clk 0:06:13]} 33. e4
{[%clk 0:00:48]} Bb7 {[%clk 0:06:15]} 34. Kh2 {[%clk 0:01:04]} Rxb4
{[%clk 0:06:23]} 35. axb4 {[%clk 0:01:08]} Qb5 {[%clk 0:01:26]} 36. f4
{[%clk 0:00:39]} Re8 {[%clk 0:00:38]} 37. Qa3 Bc6 {[%clk 0:01:04]} 38. Rxc6
{[%clk 0:00:37]} Qxc6 {[%clk 0:00:32]} 39. Ba4 {[%clk 0:01:18]} Qxe4
{[%clk 0:00:59]} 40. Bxe8 {[%clk 0:01:43]} Qxf4+ {[%clk 0:01:23]} 41. Qg3
{[%clk 0:00:40]} Qd4 {[%clk 0:01:45]} 42. Ba4 {[%clk 0:00:33]} c3
{[%clk 0:02:07]} 43. Bc2 {[%clk 0:00:33]} Qxb4 {[%clk 0:02:16]} 44. Qg4
{[%clk 0:00:35]} Qb2 {[%clk 0:02:20]} 45. Qe4 {[%clk 0:00:34]} Qc1
{[%clk 0:02:18]} 46. Ba4 {[%clk 0:00:40]} Qd2 47. Be8 {[%clk 0:01:09]} Kf8
{[%clk 0:02:16]} 48. Ba4 {[%clk 0:01:07]} h5 49. h4 {[%clk 0:00:36]} Kg8
{[%clk 0:01:55]} 50. Bc2 {[%clk 0:00:36]} Kg7 {[%clk 0:01:56]} 51. Kh3 Kg8 52.
Qd3 {[%clk 0:00:48]} Qe1 {[%clk 0:02:30]} 53. Qd8+ {[%clk 0:00:52]} Kh7
{[%clk 0:01:23]} 54. Qf6 {[%clk 0:01:06]} Kg8 {[%clk 0:01:31]} 55. Ba4
{[%clk 0:01:25]} Qe3+ {[%clk 0:01:03]} 56. Kh2 {[%clk 0:01:25]} Qc5
{[%clk 0:01:13]} 57. Bc2 {[%clk 0:01:17]} a5 {[%clk 0:01:05]} 58. Qf4
{[%clk 0:01:26]} Kg7 {[%clk 0:00:53]} 59. g4 {[%clk 0:00:44]} hxg4
{[%clk 0:00:48]} 60. h5 {[%clk 0:00:45]} gxh5 {[%clk 0:00:53]} 61. Qg5+
{[%clk 0:00:54]} Kf8 {[%clk 0:01:07]} 62. Qd8+ {[%clk 0:00:54]} 1/2-1/2

[Event "EYCC 2024 - O10"]
[Site "?"]
[Date "2024.08.31"]
[Round "9.13"]
[White "Blekh, Erik"]
[Black "Caballero Mogilnikov, Liam"]
[Result "1/2-1/2"]
[BlackElo "1846"]
[WhiteElo "1755"]
[LiveChessVersion "1.4.8"]

1. Nf3 {[%clk 1:30:51]} Nf6 {[%clk 1:30:26]} 2. g3 {[%clk 1:30:35]} g6
{[%clk 1:29:57]} 3. b3 {[%clk 1:29:37]} d6 {[%clk 1:28:22]} 4. d4
{[%clk 1:28:34]} Bg7 {[%clk 1:26:41]} 5. Bb2 {[%clk 1:28:00]} c6 {[%clk 1:24:28]}
6. Bg2 {[%clk 1:27:20]} O-O {[%clk 1:21:09]} 7. O-O {[%clk 1:26:30]} d5
{[%clk 1:17:10]} 8. c4 {[%clk 1:23:16]} e6 {[%clk 1:11:43]} 9. Nc3
{[%clk 1:19:09]} Nbd7 {[%clk 1:00:11]} 10. Qc2 {[%clk 1:11:46]} Qa5
{[%clk 0:48:43]} 11. e4 {[%clk 1:05:40]} dxe4 {[%clk 0:47:36]} 12. Nxe4
{[%clk 1:05:27]} Nxe4 {[%clk 0:45:16]} 13. Qxe4 {[%clk 1:05:36]} Nb6
{[%clk 0:40:23]} 14. Qc2 {[%clk 1:01:19]} e5 {[%clk 0:36:57]} 15. dxe5
{[%clk 0:55:57]} Bf5 {[%clk 0:36:37]} 16. Qd2 {[%clk 0:54:52]} Qxd2
{[%clk 0:33:41]} 17. Nxd2 {[%clk 0:54:57]} Rfd8 {[%clk 0:33:32]} 18. Ne4
{[%clk 0:52:48]} Bxe4 {[%clk 0:33:02]} 19. Bxe4 {[%clk 0:53:10]} a5
{[%clk 0:32:20]} 20. Bc3 {[%clk 0:48:05]} a4 {[%clk 0:31:22]} 21. f4
{[%clk 0:47:02]} Bf8 22. Kh1 {[%clk 0:43:53]} Nd7 {[%clk 0:27:48]} 23. Rfd1
{[%clk 0:35:10]} Nc5 {[%clk 0:27:04]} 24. Rxd8 {[%clk 0:34:08]} Rxd8
{[%clk 0:26:55]} 25. Bc2 {[%clk 0:34:13]} axb3 {[%clk 0:26:07]} 26. axb3
{[%clk 0:34:35]} Na6 {[%clk 0:26:10]} 27. Ba5 {[%clk 0:30:59]} Rd7
{[%clk 0:25:11]} 28. Bc3 {[%clk 0:30:03]} Rd8 {[%clk 0:25:11]} 29. Rd1
{[%clk 0:28:57]} Rxd1+ {[%clk 0:24:41]} 30. Bxd1 {[%clk 0:29:20]} Nc7
{[%clk 0:24:39]} 31. Bg4 {[%clk 0:27:52]} Ne6 {[%clk 0:24:37]} 32. Bxe6
{[%clk 0:28:02]} fxe6 {[%clk 0:24:48]} 33. Kg2 {[%clk 0:28:23]} Kf7
{[%clk 0:24:46]} 34. Kf3 {[%clk 0:28:45]} h5 {[%clk 0:24:42]} 35. Ke4
{[%clk 0:28:53]} Bc5 {[%clk 0:24:43]} 36. h3 {[%clk 0:29:10]} Kg7
{[%clk 0:24:29]} 37. g4 {[%clk 0:29:02]} hxg4 {[%clk 0:24:22]} 38. hxg4
{[%clk 0:29:26]} Kf7 {[%clk 0:24:18]} 39. f5 {[%clk 0:29:31]} gxf5+
{[%clk 0:23:31]} 40. gxf5 {[%clk 0:29:38]} exf5+ {[%clk 0:22:53]} 41. Kxf5
{[%clk 0:30:02]} Ke7 {[%clk 0:22:23]} 42. e6 {[%clk 0:28:24]} Be3
{[%clk 0:18:36]} 43. Bf6+ {[%clk 0:28:14]} Ke8 {[%clk 0:17:30]} 44. b4
{[%clk 0:27:28]} b5 {[%clk 0:17:18]} 45. cxb5 {[%clk 0:27:28]} cxb5
{[%clk 0:17:32]} 46. Bc3 {[%clk 0:27:35]} Ke7 {[%clk 0:16:16]} 47. Ke4
{[%clk 0:27:42]} Bc1 {[%clk 0:14:33]} 48. Kd5 {[%clk 0:28:00]} Ba3
{[%clk 0:12:51]} 49. Bd2 {[%clk 0:28:13]} Ke8 {[%clk 0:11:55]} 50. Be1
{[%clk 0:27:11]} Kf8 {[%clk 0:10:26]} 51. Kd6 {[%clk 0:27:13]} Ke8
{[%clk 0:05:48]} 52. e7 {[%clk 0:27:18]} Bb2 {[%clk 0:05:16]} 53. Bh4
{[%clk 0:27:26]} Bd4 {[%clk 0:04:47]} 54. Kc6 {[%clk 0:27:34]} Be5
{[%clk 0:05:08]} 55. Kxb5 {[%clk 0:27:17]} Bd6 {[%clk 0:05:26]} 56. Bg5
{[%clk 0:27:25]} Kd7 {[%clk 0:05:35]} 57. Kc4 {[%clk 0:26:53]} Bc7
{[%clk 0:05:44]} 58. b5 {[%clk 0:26:50]} Bb6 {[%clk 0:05:56]} 59. Kd5
{[%clk 0:27:02]} Ba7 {[%clk 0:05:54]} 60. Ke5 {[%clk 0:25:52]} Bc5
{[%clk 0:05:49]} 61. Kd5 {[%clk 0:25:21]} Bb6 {[%clk 0:05:55]} 62. e8=Q+
{[%clk 0:24:25]} Kxe8 {[%clk 0:06:10]} 63. Kc6 {[%clk 0:24:50]} Bf2
{[%clk 0:06:18]} 64. Bd2 {[%clk 0:25:03]} Kd8 {[%clk 0:06:33]} 65. Ba5+
{[%clk 0:25:27]} Kc8 {[%clk 0:06:47]} 66. Bb6 {[%clk 0:25:52]} Bg3
{[%clk 0:06:22]} 67. Ba7 {[%clk 0:25:44]} Bc7 {[%clk 0:06:38]} 68. Bb6
{[%clk 0:25:51]} Bg3 {[%clk 0:06:48]} 69. Ba5 {[%clk 0:25:45]} Bf2
{[%clk 0:06:29]} 70. Bb4 {[%clk 0:25:55]} Kb8 {[%clk 0:04:40]} 71. Bd6+
{[%clk 0:25:52]} Kc8 {[%clk 0:03:40]} 1/2-1/2

[Event "EYCC 2024 - O10"]
[Site "?"]
[Date "2024.08.31"]
[Round "9.14"]
[White "Guirado Lara, Pablo"]
[Black "Toumpakaris, Grigorios Emmanouil"]
[Result "1-0"]
[BlackElo "1710"]
[WhiteElo "1815"]
[LiveChessVersion "1.4.8"]

1. e4 {[%clk 1:30:57]} e5 {[%clk 1:30:59]} 2. Nf3 {[%clk 1:31:22]} Nc6
{[%clk 1:31:28]} 3. Bc4 {[%clk 1:31:45]} Nf6 {[%clk 1:31:53]} 4. d3
{[%clk 1:32:11]} Be7 {[%clk 1:32:19]} 5. c3 {[%clk 1:32:33]} d5 {[%clk 1:31:48]}
6. exd5 {[%clk 1:21:12]} Nxd5 {[%clk 1:31:27]} 7. Qb3 {[%clk 1:18:51]} Na5
{[%clk 1:15:00]} 8. Qa4+ {[%clk 1:19:13]} c6 {[%clk 1:15:19]} 9. Bxd5
{[%clk 1:19:25]} Qxd5 {[%clk 1:15:34]} 10. b4 {[%clk 1:19:47]} e4
{[%clk 1:15:26]} 11. Nd4 {[%clk 1:06:19]} exd3 {[%clk 1:13:48]} 12. bxa5
{[%clk 1:03:25]} Qxg2 {[%clk 1:12:54]} 13. Rf1 {[%clk 1:03:34]} Qxh2
{[%clk 1:09:54]} 14. Nf3 {[%clk 0:50:17]} Qh3 {[%clk 1:05:00]} 15. Qe4
{[%clk 0:37:27]} Qe6 {[%clk 0:58:27]} 16. Qxe6 {[%clk 0:36:32]} Bxe6
{[%clk 0:56:28]} 17. Be3 {[%clk 0:33:08]} Bd8 {[%clk 0:55:05]} 18. Kd2
{[%clk 0:30:22]} Bf5 {[%clk 0:54:00]} 19. Nd4 {[%clk 0:30:05]} Bg6
{[%clk 0:53:06]} 20. a6 {[%clk 0:30:01]} bxa6 {[%clk 0:51:43]} 21. Nxc6
{[%clk 0:30:24]} Bb6 {[%clk 0:50:03]} 22. Bd4 Bxd4 {[%clk 0:47:21]} 23. cxd4
{[%clk 0:26:54]} Rc8 {[%clk 0:45:22]} 24. Re1+ {[%clk 0:24:46]} Kf8
{[%clk 0:43:23]} 25. d5 {[%clk 0:23:16]} Bf5 {[%clk 0:41:56]} 26. Nc3
{[%clk 0:23:03]} Rc7 {[%clk 0:39:48]} 27. Rab1 {[%clk 0:15:19]} g6
{[%clk 0:39:22]} 28. Rb8+ {[%clk 0:15:15]} Kg7 {[%clk 0:39:37]} 29. Rxh8
{[%clk 0:15:39]} Kxh8 {[%clk 0:40:04]} 30. Re7 {[%clk 0:12:33]} Rxe7
{[%clk 0:38:41]} 31. Nxe7 {[%clk 0:13:03]} Bd7 {[%clk 0:38:58]} 32. Kxd3
{[%clk 0:12:58]} h5 {[%clk 0:39:01]} 33. Nc6 {[%clk 0:12:31]} h4 {[%clk 0:38:35]}
34. Ke3 {[%clk 0:12:56]} Bg4 {[%clk 0:36:30]} 35. Ne5 {[%clk 0:12:43]} Bf5
{[%clk 0:36:24]} 36. d6 {[%clk 0:11:49]} Kg7 {[%clk 0:35:40]} 37. d7
{[%clk 0:10:24]} Bxd7 {[%clk 0:35:39]} 38. Nxd7 {[%clk 0:10:53]} f5
{[%clk 0:35:51]} 39. Kf3 {[%clk 0:09:53]} g5 {[%clk 0:35:54]} 40. Nb8
{[%clk 0:09:48]} Kg6 {[%clk 0:35:56]} 41. Nxa6 {[%clk 0:07:39]} g4+
{[%clk 0:35:13]} 42. Kg2 {[%clk 0:07:44]} Kg5 {[%clk 0:35:31]} 43. Nb5
{[%clk 0:04:08]} f4 {[%clk 0:34:15]} 44. Nxa7 {[%clk 0:03:51]} f3+
{[%clk 0:34:24]} 45. Kg1 {[%clk 0:03:22]} Kf4 {[%clk 0:34:21]} 46. Nc5
{[%clk 0:03:39]} g3 {[%clk 0:33:26]} 47. Nd3+ {[%clk 0:01:39]} Ke4
{[%clk 0:33:03]} 48. Ne1 {[%clk 0:01:42]} gxf2+ {[%clk 0:31:27]} 49. Kxf2
{[%clk 0:02:07]} h3 {[%clk 0:31:49]} 50. Nxf3 {[%clk 0:02:26]} Kd3
{[%clk 0:32:00]} 51. Nb5 {[%clk 0:02:42]} Kc4 {[%clk 0:32:14]} 52. a4
{[%clk 0:03:06]} Kb4 {[%clk 0:32:38]} 53. Nc3 {[%clk 0:03:31]} Ka5
{[%clk 0:33:04]} 54. Kg3 {[%clk 0:03:56]} Kb6 {[%clk 0:33:27]} 55. Kxh3
{[%clk 0:04:17]} Ka5 {[%clk 0:33:51]} 56. Kg4 {[%clk 0:04:35]} Kb6
{[%clk 0:34:14]} 57. Kf4 {[%clk 0:05:00]} Ka5 {[%clk 0:34:33]} 58. Ke4
{[%clk 0:05:24]} Kb6 {[%clk 0:34:56]} 59. Kd4 {[%clk 0:05:48]} Ka5
{[%clk 0:35:17]} 60. Kc4 {[%clk 0:05:56]} Kb6 {[%clk 0:35:40]} 61. Kb4
{[%clk 0:06:07]} Ka6 {[%clk 0:36:06]} 62. a5 {[%clk 0:06:23]} Kb7
{[%clk 0:35:38]} 63. Kb5 {[%clk 0:06:47]} Ka7 {[%clk 0:36:04]} 64. a6
{[%clk 0:07:04]} Kb8 {[%clk 0:36:27]} 65. Kb6 {[%clk 0:07:28]} Ka8
{[%clk 0:36:51]} 66. Nd5 {[%clk 0:07:54]} Kb8 {[%clk 0:37:07]} 67. Ne5
{[%clk 0:08:10]} Ka8 {[%clk 0:37:25]} 68. Nc7+ {[%clk 0:08:32]} Kb8
{[%clk 0:37:50]} 69. a7+ {[%clk 0:08:56]} 1-0

[Event "EYCC 2024 - O10"]
[Site "?"]
[Date "2024.08.31"]
[Round "9.15"]
[White "Buklaho, Ignacy"]
[Black "Chkhartishvili, Lazare"]
[Result "1/2-1/2"]
[BlackElo "1610"]
[WhiteElo "1813"]
[LiveChessVersion "1.4.8"]

1. e4 {[%clk 1:30:54]} c5 {[%clk 1:30:52]} 2. Nf3 {[%clk 1:31:19]} Nc6
{[%clk 1:31:15]} 3. d4 {[%clk 1:31:44]} cxd4 {[%clk 1:31:40]} 4. Nxd4
{[%clk 1:32:09]} e5 {[%clk 1:32:06]} 5. Nb5 {[%clk 1:31:52]} d6 {[%clk 1:32:23]}
6. N1c3 {[%clk 1:31:55]} Nf6 {[%clk 1:32:47]} 7. Bg5 {[%clk 1:32:09]} a6
{[%clk 1:33:11]} 8. Na3 {[%clk 1:32:32]} b5 {[%clk 1:33:36]} 9. Nd5
{[%clk 1:32:54]} Be7 {[%clk 1:34:00]} 10. Bxf6 {[%clk 1:33:16]} Bxf6
{[%clk 1:34:25]} 11. c3 {[%clk 1:33:39]} O-O {[%clk 1:34:32]} 12. Nc2
{[%clk 1:33:30]} Rb8 {[%clk 1:34:40]} 13. a4 {[%clk 1:32:18]} bxa4
{[%clk 1:32:29]} 14. Ncb4 {[%clk 1:32:34]} Nxb4 {[%clk 1:32:00]} 15. cxb4
{[%clk 1:32:57]} Bd7 {[%clk 0:58:36]} 16. Bxa6 {[%clk 1:32:29]} Bc6
{[%clk 0:58:32]} 17. Rxa4 {[%clk 1:24:16]} Bxd5 {[%clk 0:54:02]} 18. Qxd5
{[%clk 1:23:38]} Qd7 {[%clk 0:53:14]} 19. b3 {[%clk 1:23:04]} Bd8
{[%clk 0:50:40]} 20. O-O {[%clk 1:21:13]} Bb6 {[%clk 0:50:43]} 21. Bd3
{[%clk 1:09:30]} g6 {[%clk 0:42:54]} 22. h3 {[%clk 1:03:55]} Rfc8
{[%clk 0:25:26]} 23. Bc4 Rd8 {[%clk 0:13:43]} 24. Ra6 {[%clk 0:59:16]} Kg7
{[%clk 0:05:54]} 25. Kh1 {[%clk 0:51:04]} g5 {[%clk 0:01:52]} 26. Qd3
{[%clk 0:49:01]} Rh8 {[%clk 0:00:53]} 27. Qg3 {[%clk 0:41:51]} f6
{[%clk 0:00:46]} 28. Qd3 {[%clk 0:37:33]} Bd4 {[%clk 0:00:50]} 29. b5
{[%clk 0:35:15]} h5 {[%clk 0:01:01]} 30. b6 {[%clk 0:34:41]} Bxb6
{[%clk 0:00:40]} 31. Qd5 {[%clk 0:34:50]} Bc5 {[%clk 0:00:52]} 32. Rd1
{[%clk 0:34:34]} Qe7 {[%clk 0:00:52]} 33. Rda1 {[%clk 0:32:17]} h4
{[%clk 0:00:41]} 34. f3 {[%clk 0:31:45]} Kh6 {[%clk 0:00:55]} 35. Ra8
{[%clk 0:28:54]} Rhd8 {[%clk 0:00:55]} 36. Rxb8 {[%clk 0:27:31]} Rxb8
{[%clk 0:01:20]} 37. Kh2 {[%clk 0:26:12]} Qe8 {[%clk 0:01:31]} 38. Ra6
{[%clk 0:25:00]} Rd8 {[%clk 0:01:02]} 39. Ra5 {[%clk 0:24:11]} Rb8
{[%clk 0:00:56]} 40. Ra6 {[%clk 0:21:53]} Rd8 {[%clk 0:01:21]} 41. Qb7
{[%clk 0:20:25]} Rb8 {[%clk 0:01:31]} 42. Qc7 {[%clk 0:19:47]} Rc8
{[%clk 0:01:53]} 43. Qb7 {[%clk 0:19:44]} Rb8 {[%clk 0:02:18]} 44. Qd5
{[%clk 0:20:00]} Rd8 {[%clk 0:02:43]} 45. Ra1 {[%clk 0:19:45]} Rb8
{[%clk 0:03:07]} 46. Ra5 {[%clk 0:17:04]} Rc8 {[%clk 0:02:31]} 1/2-1/2

[Event "EYCC 2024 - O10"]
[Site "?"]
[Date "2024.08.31"]
[Round "9.16"]
[White "Lampos, Charalampos"]
[Black "Czech, Emil"]
[Result "1-0"]
[BlackElo "1588"]
[WhiteElo "1807"]
[LiveChessVersion "1.4.8"]

1. d4 {[%clk 1:30:56]} Nf6 {[%clk 1:30:52]} 2. c4 {[%clk 1:31:18]} g6
{[%clk 1:31:10]} 3. Nc3 {[%clk 1:31:44]} d5 {[%clk 1:31:07]} 4. cxd5
{[%clk 1:31:45]} Nxd5 {[%clk 1:31:23]} 5. Nf3 {[%clk 1:30:43]} Nxc3
{[%clk 1:31:29]} 6. bxc3 {[%clk 1:31:09]} Bg7 {[%clk 1:31:38]} 7. Qb3
{[%clk 1:31:01]} O-O {[%clk 1:30:42]} 8. e4 {[%clk 1:31:13]} c5 {[%clk 1:25:56]}
9. Bb2 {[%clk 1:29:57]} Qa5 {[%clk 1:17:57]} 10. Qb5 {[%clk 1:22:12]} Qxb5
{[%clk 1:13:26]} 11. Bxb5 {[%clk 1:22:36]} a6 {[%clk 1:12:59]} 12. Be2
{[%clk 1:21:55]} Rd8 {[%clk 1:10:02]} 13. O-O {[%clk 1:21:20]} Bg4
{[%clk 1:03:37]} 14. Rfd1 {[%clk 1:21:10]} Nc6 {[%clk 0:59:34]} 15. e5
{[%clk 1:06:43]} e6 {[%clk 0:52:16]} 16. h3 {[%clk 1:06:21]} Bxf3
{[%clk 0:48:23]} 17. Bxf3 {[%clk 1:04:53]} Rd7 {[%clk 0:47:47]} 18. Rab1
{[%clk 0:46:00]} Rad8 19. Rdc1 {[%clk 0:32:29]} Bh6 {[%clk 0:21:29]} 20. Rd1
{[%clk 0:22:37]} Bg7 {[%clk 0:14:13]} 21. Bxc6 {[%clk 0:17:39]} bxc6
{[%clk 0:14:32]} 22. Rdc1 {[%clk 0:13:59]} Rb7 {[%clk 0:12:45]} 23. Ba3
{[%clk 0:14:02]} Rxb1 {[%clk 0:12:06]} 24. Rxb1 {[%clk 0:14:29]} cxd4
{[%clk 0:12:16]} 25. cxd4 {[%clk 0:14:55]} h5 {[%clk 0:12:33]} 26. Bc5
{[%clk 0:13:05]} Rd5 {[%clk 0:09:16]} 27. Rb8+ {[%clk 0:11:44]} Kh7
{[%clk 0:09:38]} 28. f4 {[%clk 0:11:03]} g5 {[%clk 0:08:55]} 29. Rb6
{[%clk 0:08:48]} gxf4 {[%clk 0:08:29]} 30. Rxc6 {[%clk 0:08:50]} Kg6
{[%clk 0:08:00]} 31. Kf2 {[%clk 0:08:45]} Kf5 {[%clk 0:04:43]} 32. Rc7
{[%clk 0:08:09]} Ke4 {[%clk 0:04:16]} 33. Ke2 {[%clk 0:06:33]} Bh8
{[%clk 0:03:50]} 34. a3 {[%clk 0:06:24]} Bg7 {[%clk 0:03:41]} 35. a4
{[%clk 0:05:25]} Bh8 {[%clk 0:04:02]} 36. Bb6 {[%clk 0:05:22]} Bg7
{[%clk 0:01:54]} 37. Rxf7 {[%clk 0:05:33]} Bh6 {[%clk 0:02:09]} 38. Re7
{[%clk 0:05:16]} Bg5 {[%clk 0:01:31]} 39. Rxe6 {[%clk 0:05:16]} 1-0